000 00364nam a22001457a 4500
020 _a978-1-119-56322-8
082 _a338.04
100 _aZacharakis, Andrew
245 _aEntreprenuership
250 _a5th
260 _aHoboken:
_bJohn Wiley & Sons,
_c2020
300 _axx, 166p.: ill.; 25cm
700 _aCorbett, Anrew C. & Bygrave, William D.
942 _cBK
999 _c22124
_d22124